[Event "VIII Open A"]
[Site "Bergamo ITA"]
[Date "2009.07.19"]
[Round "5"]
[White "Lalic, Bogdan"]
[Black "Sbarra, Marco"]
[Result "1-0"]
[WhiteElo "2517"]
[BlackElo "2219"]
[PlyCount "41"]
[EventDate "2009.07.17"]

1. c4 e6 2. Nc3 d5 3. d4 c5 4. cxd5 exd5 5. Nf3 Nc6 6. Bf4 Nf6 7. e3 cxd4 8.
Nxd4 Bb4 9. Bb5 Bd7 10. O-O O-O 11. Nde2 Be6 12. a3 Be7 13. Nd4 Qb6 14. Na4 Qd8
15. Bxc6 bxc6 16. Nxc6 Qd7 17. Nxe7+ Qxe7 18. Qd4 Rfc8 19. Rfc1 Nd7 20. Rxc8+
Rxc8 21. Qxa7 1-0

[Event "VIII Open A"]
[Site "Bergamo ITA"]
[Date "2009.07.19"]
[Round "5"]
[White "Martinez, Rolly"]
[Black "Epishin, Vladimir V."]
[Result "1/2-1/2"]
[WhiteElo "2418"]
[BlackElo "2592"]
[PlyCount "94"]
[EventDate "2009.07.17"]

1. e4 c6 2. d4 d5 3. exd5 cxd5 4. Bd3 Nc6 5. c3 Qc7 6. Ne2 Bg4 7. Qb3 Bxe2 8.
Bxe2 e6 9. Nd2 Bd6 10. Nf3 Nf6 11. O-O O-O 12. Bd3 Ne4 13. Bxe4 dxe4 14. Ng5
Bxh2+ 15. Kh1 Bd6 16. Nxe4 Be7 17. Bg5 Rfd8 18. Rae1 Rd5 19. f4 h6 20. Bxe7
Nxe7 21. Nc5 b6 22. Nd3 Nf5 23. Rf3 a5 24. a4 Nd6 25. Qd1 b5 26. axb5 Rxb5 27.
Re5 a4 28. Rxb5 Nxb5 29. Rg3 Nd6 30. Qc1 a3 31. bxa3 Qa7 32. Nb4 Ne4 33. Re3 f5
34. Kh2 Qxa3 35. Qe1 Qb3 36. Nc6 Ra2 37. Nb4 Rd2 38. Qa1 Kh7 39. Rxe4 fxe4 40.
Qe1 Qxc3 41. Qxe4+ Kh8 42. Qa8+ Kh7 43. Qe4+ Kh8 44. Qa8+ Kh7 45. Qe4+ Kh8 46.
Qa8+ Kh7 47. Qe4+ Kh8 1/2-1/2

[Event "VIII Open A"]
[Site "Bergamo ITA"]
[Date "2009.07.19"]
[Round "5"]
[White "Nielsen, Steffen"]
[Black "Rombaldoni, Axel"]
[Result "0-1"]
[WhiteElo "2206"]
[BlackElo "2425"]
[PlyCount "74"]
[EventDate "2009.07.17"]

1. e4 c5 2. Nf3 a6 3. d4 cxd4 4. Nxd4 Nf6 5. Nc3 e5 6. Nde2 Bc5 7. Ng3 Qb6 8.
Qf3 Nc6 9. Bd3 Nd4 10. Qd1 Nb5 11. Bxb5 Bxf2+ 12. Ke2 axb5 13. Nf5 O-O 14. Bg5
Bd4 15. Bxf6 Qxf6 16. Nd5 Qg5 17. Nxd4 exd4 18. Qxd4 Ra4 19. b4 d6 20. Ne3 Be6
21. Rhf1 Ra3 22. Rf3 Rc8 23. Rg3 Qh6 24. Rd1 Rc6 25. Nf5 Qh5+ 26. Ke1 Rxg3 27.
Nxg3 Qxh2 28. Qf2 g6 29. Rd3 Qh6 30. Rd2 Bxa2 31. Qa7 Qh4 32. Rd3 Be6 33. Qb8+
Kg7 34. Qxb7 Rxc2 35. Qb6 Qf4 36. Qd4+ Kg8 37. Kd1 Qc1# 0-1

[Event "VIII Open A"]
[Site "Bergamo ITA"]
[Date "2009.07.19"]
[Round "5"]
[White "Pinto, Antonio"]
[Black "Cardani, Roberto"]
[Result "1-0"]
[WhiteElo "1935"]
[BlackElo "1950"]
[PlyCount "61"]
[EventDate "2009.07.17"]

1. e4 c5 2. Nf3 d6 3. d4 cxd4 4. Nxd4 Nf6 5. Nc3 a6 6. Bc4 e6 7. Bb3 b5 8. f3
Bb7 9. Be3 Nbd7 10. Qd2 Nc5 11. O-O-O Rc8 12. Kb1 Be7 13. g4 Qc7 14. g5 Nfd7
15. h4 Nb6 16. h5 b4 17. Nce2 Nxb3 18. axb3 d5 19. e5 Bc5 20. f4 Qd7 21. f5
exf5 22. Nf4 O-O 23. g6 a5 24. gxf7+ Qxf7 25. e6 Qf6 26. Rdg1 Rc7 27. Rg6 hxg6
28. hxg6 Rfc8 29. e7 Qg5 30. Nxf5 Bxe3 31. Qh2 1-0

[Event "VIII Open A"]
[Site "Bergamo ITA"]
[Date "2009.07.19"]
[Round "5"]
[White "Regorda, Massimiliano"]
[Black "Locci, Damiano"]
[Result "0-1"]
[WhiteElo "1920"]
[BlackElo "2119"]
[PlyCount "56"]
[EventDate "2009.07.17"]

1. e4 e6 2. d4 d5 3. Nd2 Be7 4. c3 c5 5. dxc5 Bxc5 6. Nb3 Bb6 7. exd5 Nf6 8.
Nf3 O-O 9. Bd3 exd5 10. O-O Bg4 11. Re1 Qd6 12. Nbd4 Bc7 13. h3 Bxf3 14. Nxf3
Nbd7 15. Bg5 Rfe8 16. Qd2 Nc5 17. Bxf6 Qxf6 18. Rxe8+ Rxe8 19. Bb5 Rd8 20. Qd4
Qd6 21. Qh4 Ne4 22. Bd3 f5 23. g3 Qb6 24. Rf1 Bxg3 25. Qxd8+ Qxd8 26. fxg3 Qd6
27. Bxe4 Qxg3+ 28. Kh1 dxe4 0-1

[Event "VIII Open A"]
[Site "Bergamo ITA"]
[Date "2009.07.19"]
[Round "5"]
[White "Rusev, Krasimir"]
[Black "Solodovnichenko, Yuri"]
[Result "1/2-1/2"]
[WhiteElo "2543"]
[BlackElo "2596"]
[PlyCount "27"]
[EventDate "2009.07.17"]

1. d4 Nf6 2. c4 c5 3. d5 b5 4. cxb5 a6 5. bxa6 g6 6. Nc3 Bxa6 7. Nf3 Bg7 8. e4
Bxf1 9. Kxf1 d6 10. g3 Nbd7 11. Kg2 O-O 12. Re1 Ra6 13. e5 Nxe5 14. Nxe5
1/2-1/2

[Event "VIII Open A"]
[Site "Bergamo ITA"]
[Date "2009.07.19"]
[Round "5"]
[White "Saba, Marco"]
[Black "Piro, Valerio"]
[Result "1/2-1/2"]
[WhiteElo "1903"]
[BlackElo "2068"]
[PlyCount "55"]
[EventDate "2009.07.17"]

1. e4 c6 2. d4 d5 3. Nc3 dxe4 4. f3 exf3 5. Nxf3 Bg4 6. Bc4 e6 7. O-O Nf6 8.
Bg5 Be7 9. Qd2 Nbd7 10. Rae1 Bxf3 11. Rxf3 Nd5 12. Bxe7 Nxe7 13. Rxf7 Kxf7 14.
Rxe6 Nd5 15. Nxd5 cxd5 16. Bxd5 Nf6 17. Rxf6+ Kxf6 18. Qf4+ Ke7 19. Qf7+ Kd6
20. c4 Qe7 21. c5+ Kd7 22. Be6+ Kd8 23. Qf5 Rf8 24. Qd5+ Kc7 25. Qe5+ Kd8 26.
Qd5+ Kc7 27. Qe5+ Kd8 28. Qd5+ 1/2-1/2

[Event "VIII Open A"]
[Site "Bergamo ITA"]
[Date "2009.07.19"]
[Round "5"]
[White "Salvador, Roland"]
[Black "Piantoni, Roberto"]
[Result "1-0"]
[WhiteElo "2447"]
[BlackElo "2111"]
[PlyCount "53"]
[EventDate "2009.07.17"]

1. d4 d5 2. Nf3 Nf6 3. c4 e6 4. g3 c6 5. Bg2 Nbd7 6. O-O Bd6 7. Qc2 O-O 8. Nc3
Re8 9. Rd1 Qe7 10. e4 dxe4 11. Nxe4 Nxe4 12. Qxe4 e5 13. Qc2 exd4 14. Bg5 f6
15. Nxd4 Bc5 16. Nf5 Qe2 17. Rd2 Qh5 18. Be3 Bb4 19. g4 Qxg4 20. Rd4 Qg6 21. c5
Bxc5 22. Qc4+ Kh8 23. Nh4 Qh5 24. Bf3 Qe5 25. Ng6+ hxg6 26. Rh4+ Qh5 27. Bxh5
1-0

[Event "VIII Open A"]
[Site "Bergamo ITA"]
[Date "2009.07.19"]
[Round "5"]
[White "Sumets, Andrey"]
[Black "Bojkov, Dejan"]
[Result "1/2-1/2"]
[WhiteElo "2595"]
[BlackElo "2521"]
[PlyCount "28"]
[EventDate "2009.07.17"]

1. d4 Nf6 2. c4 g6 3. Nc3 Bg7 4. e4 d6 5. Nf3 O-O 6. Be2 Na6 7. O-O e5 8. Re1
c6 9. Be3 Ng4 10. Bg5 Qe8 11. h3 h6 12. Bh4 Nf6 13. d5 c5 14. Nd2 Nh7 1/2-1/2

[Event "VIII Open A"]
[Site "Bergamo ITA"]
[Date "2009.07.19"]
[Round "6"]
[White "Astengo, Marcello"]
[Black "Ranfagni, Stefano"]
[Result "1-0"]
[WhiteElo "2117"]
[BlackElo "2036"]
[PlyCount "85"]
[EventDate "2009.07.17"]

1. d4 e6 2. c4 f5 3. Nc3 Nf6 4. e3 d5 5. Bd3 c6 6. Nge2 Be7 7. O-O O-O 8. Qc2
Na6 9. a3 Nc7 10. f3 c5 11. Bd2 a6 12. Rad1 dxc4 13. Bxc4 b5 14. Ba2 c4 15. e4
Qe8 16. Bf4 Qc6 17. Kh1 g6 18. Bb1 Nh5 19. d5 exd5 20. exd5 Qb6 21. d6 Bf6 22.
dxc7 g5 23. Nd5 Qe6 24. Be3 Bb7 25. Nxf6+ Qxf6 26. Qc3 Qe7 27. Nd4 f4 28. Bf2
Rf6 29. Rfe1 Qxc7 30. Ne6 Qe7 31. Nxg5 Qg7 32. Nxh7 Rh6 33. Qxg7+ Nxg7 34. Ng5
a5 35. Re7 Bc6 36. Bd4 Nh5 37. Bh7+ Kf8 38. Rf7+ Ke8 39. Re1+ Kd8 40. Bb6+ Kc8
41. Rc7+ Kb8 42. Rd1 Ng3+ 43. Kg1 1-0

[Event "VIII Open A"]
[Site "Bergamo ITA"]
[Date "2009.07.19"]
[Round "6"]
[White "Bojkov, Dejan"]
[Black "Martinez, Rolly"]
[Result "1-0"]
[WhiteElo "2521"]
[BlackElo "2418"]
[PlyCount "125"]
[EventDate "2009.07.17"]

1. e4 c5 2. Nf3 Nc6 3. Bb5 e6 4. O-O Nge7 5. b3 a6 6. Bxc6 Nxc6 7. Bb2 b5 8. c4
bxc4 9. bxc4 Rb8 10. Bc3 f6 11. Nh4 g6 12. f4 Bg7 13. f5 exf5 14. exf5 g5 15.
Qh5+ Kf8 16. Nf3 h6 17. Na3 d5 18. d4 Bxf5 19. dxc5 d4 20. Rad1 Qc8 21. Nxd4
Bg4 22. Qg6 Ne5 23. Qe4 Qxc5 24. Kh1 Kf7 25. Rde1 Qxa3 26. Qxe5 Qxc3 27. Qd5+
Kg6 28. Qe4+ Kh5 29. h3 Bxh3 30. Re3 Rhe8 31. Qxe8+ Rxe8 32. Rxc3 Bd7 33. Nf5
Bf8 34. c5 Rc8 35. Rcf3 g4 36. Rf4 Bb5 37. Ng3+ Kh4 38. R1f3 Rxc5 39. Ne4 Kh5
40. Nxf6+ Kg6 41. Rxg4+ Rg5 42. Rxg5+ hxg5 43. Ne4 Be7 44. Nc3 Bc4 45. Re3 Bf6
46. a3 Kf5 47. Rf3+ Ke6 48. Ne4 Be7 49. Re3 Kf7 50. Rg3 Kg6 51. Rc3 Bb5 52. Nc5
Kf5 53. a4 Bc6 54. Rc4 Bd5 55. Rc2 a5 56. Rb2 Kg4 57. Nb7 Ba3 58. Rb5 Bc6 59.
Nxa5 Ba8 60. Nb7 Bc1 61. a5 Kg3 62. a6 Kf2 63. Rf5+ 1-0

[Event "VIII Open A"]
[Site "Bergamo ITA"]
[Date "2009.07.19"]
[Round "6"]
[White "Borsos, Bogdan"]
[Black "Borgo, Giulio"]
[Result "1/2-1/2"]
[WhiteElo "2289"]
[BlackElo "2433"]
[PlyCount "33"]
[EventDate "2009.07.17"]

1. e4 d5 2. exd5 Qxd5 3. Nc3 Qd6 4. Nb5 Qd8 5. Nf3 Nf6 6. d4 a6 7. Na3 b5 8. c4
c6 9. Nc2 Bg4 10. Be2 e6 11. b3 Nbd7 12. O-O Be7 13. Bb2 bxc4 14. bxc4 Rb8 15.
Bc3 O-O 16. Ne3 Bh5 17. Qa4 1/2-1/2

[Event "VIII Open A"]
[Site "Bergamo ITA"]
[Date "2009.07.19"]
[Round "6"]
[White "Castrogiovanni, Carlo"]
[Black "Pinto, Antonio"]
[Result "1/2-1/2"]
[WhiteElo "2020"]
[BlackElo "1935"]
[PlyCount "65"]
[EventDate "2009.07.17"]

1. d4 Nf6 2. c4 g6 3. Nc3 Bg7 4. e4 d6 5. Be2 O-O 6. Bg5 c5 7. d5 e6 8. f3 Na6
9. Qd2 Nc7 10. h4 Re8 11. h5 b5 12. Nh3 b4 13. Nd1 exd5 14. cxd5 Bd7 15. Nhf2
Nb5 16. Bxb5 Bxb5 17. Ng4 Nxe4 18. fxe4 Rxe4+ 19. Kf2 Qd7 20. Nde3 Bd4 21. Nf6+
Bxf6 22. Bxf6 Rf4+ 23. Kg1 Rxf6 24. Rh4 gxh5 25. Rxh5 Re8 26. Rg5+ Rg6 27. Ng4
Qxg4 28. Rxg4 Rxg4 29. Re1 Rxe1+ 30. Qxe1 Rg6 31. Qe7 a6 32. Qe4 Kg7 33. b3
1/2-1/2

[Event "VIII Open A"]
[Site "Bergamo ITA"]
[Date "2009.07.19"]
[Round "6"]
[White "Cornaggia, Ranieri"]
[Black "Scarabelli, Maurizio"]
[Result "1/2-1/2"]
[WhiteElo "1933"]
[BlackElo "1916"]
[PlyCount "92"]
[EventDate "2009.07.17"]

1. e4 c5 2. Nf3 e6 3. d4 cxd4 4. Nxd4 a6 5. Nc3 Qc7 6. Be3 Bb4 7. Qd2 Nf6 8. f3
d5 9. e5 Qxe5 10. O-O-O Qc7 11. a3 Be7 12. Nb3 Bd7 13. g4 h6 14. h4 Nc6 15. Qf2
b5 16. Kb1 d4 17. Nxd4 Nxd4 18. Bxd4 Rc8 19. Bd3 Bc5 20. Bxc5 Qxc5 21. Qxc5
Rxc5 22. Ne4 Nxe4 23. Bxe4 Ke7 24. Rd2 a5 25. Rhd1 Rc7 26. c3 g6 27. Re1 Rhc8
28. Rd4 Kf8 29. Red1 Ke7 30. Re1 Rc5 31. f4 Rc4 32. Red1 Rxd4 33. Rxd4 f5 34.
Bf3 Bc6 35. Bxc6 Rxc6 36. gxf5 gxf5 37. a4 bxa4 38. Rxa4 Rc5 39. Kc2 e5 40.
fxe5 Rxe5 41. Kd3 Kd6 42. b4 axb4 43. Rxb4 Kc5 44. Rc4+ Kd6 45. Rb4 Kc6 46.
Rc4+ Kd6 1/2-1/2

[Event "VIII Open A"]
[Site "Bergamo ITA"]
[Date "2009.07.19"]
[Round "6"]
[White "Damia, Angelo"]
[Black "Nielsen, Steffen"]
[Result "1/2-1/2"]
[WhiteElo "2291"]
[BlackElo "2206"]
[PlyCount "60"]
[EventDate "2009.07.17"]

1. d4 Nf6 2. Bg5 Ne4 3. Bf4 c5 4. Nd2 Nxd2 5. Qxd2 cxd4 6. Bxb8 Rxb8 7. Nf3 b6
8. O-O-O e6 9. Nxd4 Bb7 10. Nb5 d5 11. e4 Be7 12. exd5 exd5 13. Nc3 O-O 14.
Nxd5 Bc5 15. Be2 Qh4 16. Bf3 Rbd8 17. Qc3 Qg5+ 18. Ne3 Bxf3 19. gxf3 Qf4 20.
Kb1 Qxf3 21. Rxd8 Rxd8 22. Rg1 Rd4 23. Qe1 Rf4 24. Qc3 g6 25. Rd1 Qxf2 26. Rd8+
Bf8 27. Rxf8+ Kxf8 28. Qh8+ Ke7 29. Qe5+ Kd7 30. Qd5+ Kc7 1/2-1/2

[Event "VIII Open A"]
[Site "Bergamo ITA"]
[Date "2009.07.19"]
[Round "6"]
[White "De Palma, Fabrizio"]
[Black "Aimi, Luca"]
[Result "1-0"]
[WhiteElo "2054"]
[BlackElo "1945"]
[PlyCount "75"]
[EventDate "2009.07.17"]

1. g3 d5 2. Bg2 Nf6 3. Nf3 e6 4. O-O Be7 5. d3 Nc6 6. Nbd2 O-O 7. e4 dxe4 8.
dxe4 e5 9. Qe2 Be6 10. c3 Qd7 11. Nc4 Bxc4 12. Qxc4 h6 13. b4 a6 14. Nh4 Rfd8
15. Be3 Qd3 16. Qb3 a5 17. Rad1 a4 18. Rxd3 axb3 19. Rxd8+ Nxd8 20. axb3 Ra3
21. Nf5 Kf8 22. Rd1 Ne6 23. Rb1 c6 24. Bc1 Ra2 25. Bb2 Nd7 26. Ne3 b5 27. Nd1
c5 28. bxc5 Nexc5 29. c4 bxc4 30. bxc4 Nd3 31. Bc3 Bc5 32. Bh3 Nb6 33. Bf1 Nxf2
34. Nxf2 Bxf2+ 35. Kh1 f6 36. Bb4+ Kf7 37. c5 Nc4 38. Bxc4+ 1-0

[Event "VIII Open A"]
[Site "Bergamo ITA"]
[Date "2009.07.19"]
[Round "6"]
[White "Di Lascio, Savino"]
[Black "Corbellini, Nicola"]
[Result "1-0"]
[WhiteElo "2012"]
[BlackElo "1964"]
[PlyCount "43"]
[EventDate "2009.07.17"]

1. e4 c5 2. Nf3 d6 3. Bb5+ Bd7 4. Bxd7+ Nxd7 5. Nc3 Ngf6 6. O-O e6 7. d4 cxd4
8. Nxd4 a6 9. Qe2 Be7 10. Re1 O-O 11. Bd2 Rc8 12. Rad1 Qc7 13. Bc1 b5 14. a3
Nb6 15. f4 Rfd8 16. Kh1 Nc4 17. g4 Nxa3 18. g5 Nd7 19. f5 exf5 20. Nd5 Nxc2 21.
Nxc7 Nxe1 22. Nd5 1-0

[Event "VIII Open A"]
[Site "Bergamo ITA"]
[Date "2009.07.19"]
[Round "6"]
[White "Epishin, Vladimir V."]
[Black "Gromovs, Sergejs"]
[Result "1-0"]
[WhiteElo "2592"]
[BlackElo "2339"]
[PlyCount "39"]
[EventDate "2009.07.17"]

1. d4 d5 2. Nf3 Bf5 3. c4 e6 4. cxd5 exd5 5. Qb3 b6 6. Nc3 c6 7. e4 Bxe4 8.
Nxe4 Qe7 9. Ne5 f6 10. Nc3 Qe6 11. f4 fxe5 12. fxe5 Nd7 13. Bd3 Qg4 14. Be3
Qxg2 15. O-O-O Qh3 16. Kb1 Ne7 17. Bg5 h6 18. Bxe7 Bxe7 19. Nxd5 Kd8 20. Nf4
1-0

[Event "VIII Open A"]
[Site "Bergamo ITA"]
[Date "2009.07.19"]
[Round "6"]
[White "Kimbin, Richard Conrod"]
[Black "Moreschi, Mauro"]
[Result "1-0"]
[WhiteElo "1907"]
[BlackElo "1911"]
[PlyCount "50"]
[EventDate "2009.07.17"]

1. Nf3 b5 2. g3 Bb7 3. Bg2 Nf6 4. b3 d6 5. Bb2 Nbd7 6. d3 e5 7. e4 Be7 8. Nbd2
O-O 9. O-O Nc5 10. Ne1 Nfd7 11. f4 exf4 12. gxf4 Bf6 13. d4 Ne6 14. e5 Bxg2 15.
Kxg2 dxe5 16. dxe5 Bh4 17. Nd3 Ndc5 18. Nxc5 Nxc5 19. Qe2 Qd5+ 20. Kg1 Qc6 21.
Nf3 Be7 22. Nd4 Qg6+ 23. Kh1 a6 24. f5 Qb6 25. Qf3 Bd8 1-0

[Event "VIII Open A"]
[Site "Bergamo ITA"]
[Date "2009.07.19"]
[Round "6"]
[White "Piantoni, Roberto"]
[Black "Regorda, Massimiliano"]
[Result "1-0"]
[WhiteElo "2111"]
[BlackElo "1920"]
[PlyCount "55"]
[EventDate "2009.07.17"]

1. d4 d5 2. Nf3 e6 3. g3 Nf6 4. Bg2 a6 5. O-O c5 6. c4 dxc4 7. dxc5 Qxd1 8.
Rxd1 Bxc5 9. Ne5 O-O 10. Nc3 Nbd7 11. Nxc4 Ra7 12. a4 b6 13. Nd6 Bxd6 14. Rxd6
Bb7 15. a5 Bxg2 16. axb6 Nxb6 17. Kxg2 Rb7 18. Rc6 Ra8 19. Ra5 h6 20. e4 Nbd7
21. e5 Nh7 22. f4 g5 23. Ne4 gxf4 24. gxf4 Rb5 25. Ra3 Nhf8 26. Rg3+ Ng6 27.
Rc7 Rd8 28. Rxd7 1-0

[Event "VIII Open A"]
[Site "Bergamo ITA"]
[Date "2009.07.19"]
[Round "6"]
[White "Piro, Valerio"]
[Black "Guerra, Alessandro"]
[Result "0-1"]
[WhiteElo "2068"]
[BlackElo "2198"]
[PlyCount "56"]
[EventDate "2009.07.17"]

1. Nf3 Nf6 2. c4 e6 3. g3 d5 4. b3 c5 5. Bg2 Nc6 6. Bb2 d4 7. d3 Be7 8. O-O O-O
9. e3 dxe3 10. fxe3 Ng4 11. Qe2 Bf6 12. Bxf6 Qxf6 13. Nbd2 Qh6 14. Rfe1 f5 15.
Nf1 e5 16. Rad1 e4 17. dxe4 fxe4 18. N3d2 Rf2 19. Qxf2 Nxf2 20. Kxf2 Bg4 21.
Rc1 Ne5 22. Bxe4 Kh8 23. Kg1 Rf8 24. Rc2 Qf6 25. Nb1 Bh3 26. Bg2 Nf3+ 27. Bxf3
Qxf3 28. Nc3 Qxf1+ 0-1

[Event "VIII Open A"]
[Site "Bergamo ITA"]
[Date "2009.07.19"]
[Round "6"]
[White "Rombaldoni, Axel"]
[Black "Rusev, Krasimir"]
[Result "1/2-1/2"]
[WhiteElo "2425"]
[BlackElo "2543"]
[PlyCount "125"]
[EventDate "2009.07.17"]

1. e4 e6 2. d4 d5 3. Nc3 Bb4 4. a3 Bxc3+ 5. bxc3 dxe4 6. Qg4 Nf6 7. Qxg7 Rg8 8.
Qh6 Rg6 9. Qd2 Nc6 10. Ne2 e5 11. dxe5 Qxd2+ 12. Bxd2 Nxe5 13. Nf4 Rg8 14. c4
Bd7 15. Bc3 Rg5 16. Ne2 Nh5 17. h4 Rf5 18. Nd4 Rf6 19. Nb3 Rf5 20. Nd4 Rf6 21.
Nb5 Bxb5 22. cxb5 Re6 23. O-O-O Nf6 24. f3 Nh5 25. fxe4 Ng3 26. Rh3 Nxe4 27.
Bxe5 Rxe5 28. Re3 Ke7 29. Bd3 f5 30. g4 Re8 31. Rf1 Kd6 32. gxf5 Nf6 33. Rxe5
Rxe5 34. Rg1 Re7 35. Kd2 Kc5 36. Rg5 Rd7 37. Ke3 Re7+ 38. Kf3 Kd4 39. h5 c5 40.
bxc6 bxc6 41. h6 Re3+ 42. Kf2 c5 43. Rg7 Rh3 44. Rxa7 Rxh6 45. Ra8 c4 46. Rd8+
Nd5 47. Bf1 Rf6 48. Bh3 Ke5 49. Re8+ Kd4 50. Re6 Rf7 51. Rd6 Ke5 52. Ra6 Nf4
53. Ra5+ Kd4 54. Bg4 h5 55. Kg3 Rg7 56. Kxf4 Rxg4+ 57. Kf3 Rg1 58. Kf2 Rg5 59.
Kf3 h4 60. Kf4 h3 61. Ra8 h2 62. Rh8 Rg2 63. f6 1/2-1/2

[Event "VIII Open A"]
[Site "Bergamo ITA"]
[Date "2009.07.19"]
[Round "6"]
[White "Solodovnichenko, Yuri"]
[Black "Sumets, Andrey"]
[Result "1/2-1/2"]
[WhiteElo "2596"]
[BlackElo "2595"]
[PlyCount "23"]
[EventDate "2009.07.17"]

1. e4 e6 2. d4 d5 3. Nc3 Nf6 4. e5 Nfd7 5. f4 c5 6. Nf3 Nc6 7. Be3 cxd4 8. Nxd4
Bc5 9. Qd2 O-O 10. O-O-O a6 11. Nb3 Bb4 12. Bd3 1/2-1/2

[Event "VIII Open A"]
[Site "Bergamo ITA"]
[Date "2009.07.19"]
[Round "6"]
[White "Stips, Felix"]
[Black "Locci, Damiano"]
[Result "0-1"]
[WhiteElo "2240"]
[BlackElo "2119"]
[PlyCount "64"]
[EventDate "2009.07.17"]

1. Nf3 d5 2. d4 Nf6 3. c4 c6 4. cxd5 cxd5 5. Nc3 Nc6 6. Bf4 Bf5 7. e3 e6 8. Bb5
Nd7 9. O-O Be7 10. Bxc6 bxc6 11. Na4 O-O 12. Rc1 Rc8 13. Qb3 g5 14. Bg3 h5 15.
h3 g4 16. hxg4 Bxg4 17. Ne5 Nxe5 18. Bxe5 f6 19. Bf4 Kf7 20. f3 Bf5 21. Qb7 Rg8
22. Rxc6 Rxc6 23. Qxc6 Bh3 24. Rf2 Rg7 25. Kf1 Bf5 26. Nc3 Bd3+ 27. Kg1 h4 28.
Kh2 Qg8 29. e4 Bf1 30. Rxf1 Rxg2+ 31. Kh1 h3 32. exd5 Rh2+ 0-1

[Event "VIII Open A"]
[Site "Bergamo ITA"]
[Date "2009.07.19"]
[Round "6"]
[White "Vezzosi, Paolo"]
[Black "Lalic, Bogdan"]
[Result "1/2-1/2"]
[WhiteElo "2372"]
[BlackElo "2517"]
[PlyCount "28"]
[EventDate "2009.07.17"]

1. d4 Nf6 2. Nf3 g6 3. Bg5 Bg7 4. Nbd2 O-O 5. e4 d6 6. c3 h6 7. Bh4 c5 8. dxc5
dxc5 9. Bc4 Nc6 10. Qe2 Nh5 11. Qe3 b6 12. O-O Qc7 13. Rae1 e5 14. Rd1 Bb7
1/2-1/2

[Event "XXVI Open Eporediese"]
[Site "Ivrea ITA"]
[Date "2009.01.15"]
[Round "1"]
[White "Agostino, Pietro"]
[Black "Bellafiore, Enzo"]
[Result "0-1"]
[WhiteElo "1413"]
[BlackElo "1867"]
[PlyCount "126"]
[EventDate "2009.01.15"]

1. e4 Nf6 2. e5 Nd5 3. d4 d6 4. Bc4 dxe5 5. dxe5 c6 6. Nc3 e6 7. Nf3 Be7 8. O-O
O-O 9. Re1 Nxc3 10. bxc3 Nd7 11. Bd3 Nb6 12. a4 Nd5 13. Qd2 a5 14. c4 Bb4 15.
Qe2 Bxe1 16. cxd5 Bb4 17. Bxh7+ Kxh7 18. Ng5+ Kg6 19. Qe4+ f5 20. Qh4 Rh8 21.
Qg3 Qg8 22. Nxe6+ Kf7 23. Ng5+ Ke8 24. e6 cxd5 25. Nf7 Bxe6 26. Nxh8 Qxh8 27.
Qg6+ Kd7 28. Bf4 Bd6 29. Bxd6 Kxd6 30. Re1 Re8 31. Qg3+ Kd7 32. Qb3 Kc7 33.
Qc3+ Kb8 34. Qe5+ Ka8 35. Rb1 Bd7 36. Qc7 Bc6 37. Qxa5+ Kb8 38. Qb6 Re6 39. a5
Qe8 40. h3 Re1+ 41. Rxe1 Qxe1+ 42. Kh2 Qe5+ 43. Kh1 Qc7 44. Qc5 Qe5 45. a6 Qa1+
46. Kh2 Qxa6 47. Qf8+ Ka7 48. Qc5+ Qb6 49. Qa3+ Kb8 50. Qf8+ Kc7 51. Qxg7+ Bd7
52. Qe5+ Qd6 53. Qxd6+ Kxd6 54. Kg3 Ke5 55. h4 d4 56. Kf3 Bc6+ 57. Kg3 Be4 58.
h5 Bxc2 59. Kf3 b5 60. h6 f4 61. g3 fxg3 62. fxg3 b4 63. g4 b3 0-1

[Event "XXVI Open Eporediese"]
[Site "Ivrea ITA"]
[Date "2009.01.15"]
[Round "1"]
[White "Bogatto, Mario"]
[Black "Saccuman, Andrea"]
[Result "1-0"]
[WhiteElo "1470"]
[BlackElo "1422"]
[PlyCount "39"]
[EventDate "2009.01.15"]

1. d4 d5 2. Nf3 Nc6 3. e3 Bf5 4. Bb5 Nf6 5. O-O e6 6. a3 Bd6 7. Nc3 O-O 8. Bxc6
bxc6 9. h3 c5 10. Re1 Ne4 11. Ne2 c4 12. c3 Bg6 13. Nf4 Bxf4 14. exf4 Bh5 15.
Re3 Nxf2 16. Kxf2 Qh4+ 17. Nxh4 Bxd1 18. Rg3 Rfe8 19. Be3 f6 20. Rxd1 1-0

[Event "XXVI Open Eporediese"]
[Site "Ivrea ITA"]
[Date "2009.01.15"]
[Round "1"]
[White "Bosticardo, Tommaso"]
[Black "Castaldo, Antonio"]
[Result "0-1"]
[WhiteElo "1464"]
[BlackElo "1753"]
[PlyCount "72"]
[EventDate "2009.01.15"]

1. e4 d6 2. d4 Nf6 3. Nc3 g6 4. Bd3 Bg7 5. f4 O-O 6. Nf3 Nc6 7. O-O Ng4 8. e5
Nb4 9. Bc4 c6 10. a3 Na6 11. h3 Nh6 12. Bd2 b5 13. Bd3 Qb6 14. Be3 Nc7 15. Qd2
f5 16. d5 c5 17. e6 Bb7 18. b4 Bxd5 19. bxc5 dxc5 20. Nxd5 Nxd5 21. Ng5 Bxa1
22. Rxa1 Nxe3 23. Qxe3 c4 24. Qxb6 axb6 25. Be2 Ra7 26. Rb1 Rxa3 27. Rxb5 Rc8
28. Rxb6 Rc7 29. Rb8+ Kg7 30. h4 Rc3 31. h5 Rxc2 32. Bf3 c3 33. hxg6 hxg6 34.
Rb1 Rb2 35. Rc1 c2 36. Bd1 Rb1 0-1

[Event "XXVI Open Eporediese"]
[Site "Ivrea ITA"]
[Date "2009.01.15"]
[Round "1"]
[White "Bruno, Fabrizio P."]
[Black "Papalini, Claudio"]
[Result "1-0"]
[WhiteElo "1948"]
[BlackElo "1604"]
[PlyCount "71"]
[EventDate "2009.01.15"]

1. e4 e6 2. d4 d5 3. e5 c5 4. c3 Qb6 5. Nf3 Bd7 6. Bd3 Nc6 7. O-O cxd4 8. cxd4
Nxd4 9. Nxd4 Qxd4 10. Qe2 a6 11. Nc3 Qa7 12. Kh1 b5 13. a3 Bc5 14. f4 Ne7 15.
Qg4 g6 16. Qh4 O-O-O 17. b4 Nf5 18. Bxf5 Bd4 19. Bb2 Bxc3 20. Bxc3 gxf5 21.
Rfd1 Kb8 22. Bd4 Qb7 23. Rac1 Rc8 24. Rc5 Bc6 25. Rdc1 Qd7 26. Qf2 Rhg8 27.
R1c3 Kb7 28. h3 Qe7 29. Qc2 Qd7 30. Kh2 h6 31. g3 h5 32. h4 Rc7 33. Qd2 Rcc8
34. Bf2 Qe7 35. Qd4 Rc7 36. Rxc6 1-0

[Event "XXVI Open Eporediese"]
[Site "Ivrea ITA"]
[Date "2009.01.15"]
[Round "1"]
[White "Castaldo, Folco"]
[Black "Rocchi, Enrico"]
[Result "1-0"]
[WhiteElo "2419"]
[BlackElo "1733"]
[PlyCount "43"]
[EventDate "2009.01.15"]

1. d4 Nf6 2. Nf3 g6 3. Nc3 d5 4. Bf4 c6 5. e3 Bg7 6. Be2 Nbd7 7. Qd2 a6 8. Ne5
O-O 9. O-O-O Nxe5 10. Bxe5 Nd7 11. Bxg7 Kxg7 12. h4 e5 13. e4 dxe4 14. h5 Qf6
15. g3 Kg8 16. Nxe4 Qe7 17. hxg6 fxg6 18. Bc4+ Kh8 19. Ng5 h5 20. Ne6 Rf6 21.
dxe5 Nxe5 22. Qh6+ 1-0

[Event "XXVI Open Eporediese"]
[Site "Ivrea ITA"]
[Date "2009.01.15"]
[Round "1"]
[White "Gennaro, Isabella"]
[Black "Perrone, Davide"]
[Result "0-1"]
[WhiteElo "1419"]
[BlackElo "1617"]
[PlyCount "34"]
[EventDate "2009.01.15"]

1. e4 c5 2. Nf3 Nc6 3. d4 cxd4 4. Nxd4 g6 5. Bf4 Bg7 6. c3 Qb6 7. Be3 Qxb2 8.
Qc2 Qxa1 9. Nb3 Bxc3+ 10. Kd1 Qb2 11. Qxc3 Qxb1+ 12. Nc1 f6 13. Bd3 Qb4 14. Qc2
Nd4 15. Bxd4 Qxd4 16. Nb3 Qb6 17. Re1 d6 0-1

[Event "XXVI Open Eporediese"]
[Site "Ivrea ITA"]
[Date "2009.01.15"]
[Round "1"]
[White "Giunto, Andrea"]
[Black "Giunto, Stefano"]
[Result "1-0"]
[WhiteElo "1731"]
[BlackElo "1422"]
[PlyCount "65"]
[EventDate "2009.01.15"]

1. h4 e5 2. Nc3 Nf6 3. g3 Nc6 4. Bg2 d5 5. e4 d4 6. Nce2 Bg4 7. f3 Be6 8. d3
Bc5 9. Nh3 O-O 10. Nf2 Re8 11. Bh3 Qd7 12. f4 Ng4 13. f5 Bxf5 14. exf5 Ne3 15.
Bxe3 dxe3 16. Ne4 Qd5 17. N2c3 Qd8 18. Nxc5 Qd4 19. N5e4 Nb4 20. f6 g6 21. a3
Nd5 22. Nxd5 Qxd5 23. h5 Qb5 24. hxg6 fxg6 25. Ng5 h6 26. f7+ Kf8 27. fxe8=Q+
Kxe8 28. Ne6 Qxb2 29. Nxc7+ Kd8 30. Nxa8 Qc3+ 31. Kf1 Qd2 32. Qxd2 exd2 33. Rd1
1-0

[Event "XXVI Open Eporediese"]
[Site "Ivrea ITA"]
[Date "2009.01.15"]
[Round "1"]
[White "Listello, Massimiliano"]
[Black "Paonessa, Denis"]
[Result "0-1"]
[WhiteElo "1482"]
[BlackElo "1933"]
[PlyCount "50"]
[EventDate "2009.01.15"]

1. e4 g6 2. d4 Bg7 3. Nf3 d6 4. b3 Nc6 5. Bb2 Bg4 6. Be2 e5 7. h3 Bxf3 8. Bxf3
Nxd4 9. Nc3 Nxf3+ 10. Qxf3 Nf6 11. O-O O-O 12. Rfd1 c6 13. Ba3 Ne8 14. Na4 Qc7
15. c4 Rd8 16. c5 d5 17. exd5 Rxd5 18. Rxd5 e4 19. Qxe4 cxd5 20. Qxd5 Bxa1 21.
Qc4 Nf6 22. Nc3 Rd8 23. Nb5 Rd1+ 24. Qf1 Rxf1+ 25. Kxf1 Qd7 0-1